| 000 | 01270cam a22003014a 4500 | ||
|---|---|---|---|
| 999 |
_c330321 _d330321 |
||
| 001 | 12440101 | ||
| 003 | NUST | ||
| 005 | 20170620124123.0 | ||
| 008 | 010612s2001 nyua d 000 0 eng | ||
| 010 | _a 2001042138 | ||
| 020 | _a0879696001 | ||
| 040 |
_aDLC _cDLC _dDLC |
||
| 042 | _apcc | ||
| 050 | 0 | 0 |
_aQH427 _b.W58 2001 |
| 082 | 0 | 0 |
_a611.01816 WIT _221 |
| 100 | 1 |
_aWitherly, Jeffre L. _92939 |
|
| 245 | 1 | 3 |
_aAn A to Z of DNA science : _bwhat scientists mean when they talk about genes and genomes / _cJeffre L. Witherly, Galen P. Perry, Darryl L. Leja. |
| 260 |
_aCold Spring Harbor, NY : _bCold Spring Harbor Laboratory Press, _cc2001. |
||
| 300 |
_aix, 125 p. : _bill. ; _c20 cm. |
||
| 500 | _aP.B | ||
| 650 | 0 |
_aGenetics _vDictionaries. _92940 |
|
| 650 | 0 |
_aDNA _vDictionaries. _92941 |
|
| 650 | 0 |
_aGenes _vDictionaries. _92942 |
|
| 650 | 0 |
_aGenomes _vDictionaries. _92943 |
|
| 700 | 1 |
_aPerry, Galen P. _92944 |
|
| 700 | 1 |
_aLeja, Darryl L. _92945 |
|
| 856 | 4 | 2 |
_3Publisher description _uhttp://www.loc.gov/catdir/enhancements/fy1208/2001042138-d.html |
| 906 |
_a7 _bcbc _corignew _d1 _eocip _f20 _gy-gencatlg |
||
| 942 |
_2ddc _cBK _kIESE-1016 |
||